| 000 | 00513nam a2200169Ia 4500 | ||
|---|---|---|---|
| 003 | IN-BaIIA | ||
| 008 | 211028s9999 xx 000 0 eng d | ||
| 040 | _cIIA Library | ||
| 080 |
_a550.3(047.1) _bADV-5 |
||
| 100 |
_aLandsberg, H. E. _93316 |
||
| 245 | 0 |
_aAdvances in geophysics _bvol. 5 _c H. E. Landsberg, |
|
| 260 |
_aNew York _bAcademic Press _c1958 |
||
| 300 | _ax, 325p. | ||
| 650 | _aAstronomy and Astrophysics Thesaurus | ||
| 650 |
_aGeophysics _954 |
||
| 942 | _cBK | ||
| 999 |
_c1775 _d1775 |
||